Plant science formul ; a reference book for plant science laboratories (including bacteriology) /

Bibliographic Details
Main Author: McLean, R. C. (Robert Colquhoun), 1890-
Other Authors: Ivimey-Cook, W. R. (Walter Robert), 1901-1952
Format: Book
Language:English
Published: London : Macmillan and co., limited, 1941.
Subjects:

MARC

Tag First Indicator Second Indicator Subfields
LEADER 00000cam a22000001 4500
001 in00000037007
005 20151007070350.0
008 740328s1941 enk 00010 eng c
010 |a a 42002534  
035 |a (OCoLC)00875514 
035 |9 AAE3870AM 
040 |a New York. Public library for Library of Congress  |c DLC  |d TXA  |d UtOrBLW 
049 |a TXAM  |c [110954] 
050 0 0 |a QK53  |b .M2 
082 0 |a 580.72 
092 |a 580.2  |b M163p 
100 1 |a McLean, R. C.  |q (Robert Colquhoun),  |d 1890- 
245 1 0 |a Plant science formul ;  |b a reference book for plant science laboratories (including bacteriology) /  |c by R. C. McLean ... and W. R. Ivimey Cook ... 
264 1 |a London :  |b Macmillan and co., limited,  |c 1941. 
300 |a vii, 203 pages, 1 unnumbered page ;  |c 22 cm. 
336 |a text  |b txt  |2 rdacontent 
337 |a unmediated  |b n  |2 rdamedia 
338 |a volume  |b nc  |2 rdacarrier 
500 |a "Space has been left at the end of each chapter for the insertion by the reader of additional receipts, etc."--Pref. 
500 |a "Errata" slip laid in. 
650 0 |a Botany  |v Laboratory manuals. 
700 1 |a Ivimey-Cook, W. R.  |q (Walter Robert),  |d 1901-1952. 
999 |a MARS 
999 f f |s 0e1dca76-43d5-3eac-b203-e48ea82dfbaa  |i d48b7758-b499-3a8c-8807-94793de29c21  |t 0 
952 f f |p ric  |a Texas A&M University  |b Rellis Campus  |c Joint Library Facility  |d Remote Storage  |t 0  |e QK53 .M2  |h Library of Congress classification  |i unmediated -- volume  |m A14800985003 
998 f f |a QK53 .M2  |t 0  |l Remote Storage